Normal view
MARC view
Entry Personal Name
001 - CONTROL NUMBER
- control field: 47450
003 - CONTROL NUMBER IDENTIFIER
- control field: dpl
005 - DATE AND TIME OF LATEST TRANSACTION
- control field: 20120519123548.0
008 - FIXED-LENGTH DATA ELEMENTS
- fixed length control field: 120519|||a|||||| | ||| d
040 ## - CATALOGING SOURCE
- Original cataloging agency: dpl
- Transcribing agency: dpl
100 ## - HEADING--PERSONAL NAME
- Personal name: मुले, गुणाकर
670 ## - SOURCE DATA FOUND
- Source citation: Work cat.: (dpl): मुले, गुणाकर, महान गणितज्ञ ज्योतिषीः आर्यभट्ट / , 2005
670 ## - SOURCE DATA FOUND
- Source citation: Work cat.: (dpl): मुले, गुणाकर, महान गणितज्ञ ज्योतिषीः आर्यभट्ट / , 2005
